| 000 | 00427 a2200157 4500 | ||
|---|---|---|---|
| 003 | Nust | ||
| 005 | 20170207165509.0 | ||
| 040 | _cNust | ||
| 082 | _a005.1 | ||
| 100 | _aUsman, Muhammad BESE-16 | ||
| 245 |
_aAndroid Mobility Suite (Hard / Soft-copy) _c Muhammad Usman, Isma Batool, Muneeb Ahmed Bhatti BESE-16 |
||
| 260 |
_aMCS _bRawalpindi _c2014 |
||
| 300 | _aix, 127 p | ||
| 650 | _aUG Projects | ||
| 651 | _aUG CSE Project | ||
| 942 | _cPRG | ||
| 999 |
_c212182 _d212182 |
||